000
00297nam a2200121Ia 4500
008
170620s9999 xx 000 0 und d
100
_a
DEVALA-RAO.G
245
0
_a
INORGANIC PHARMACEUTICAL CHEMISTRY
260
_b
BIRLA
260
_c
2006
300
_a
192
546
_a
English
690
_a
INORGANIC PHARMACEUTICAL CHEMISTRY
999
_c
30603
_d
30603